LEADER 01187nam--2200361---450- 001 990002198120203316 005 20091020111157.0 035 $a000219812 035 $aUSA01000219812 035 $a(ALEPH)000219812USA01 035 $a000219812 100 $a20041122d1972----km-y0itay0103----ba 101 0 $aeng 102 $aNL 105 $a||||||||001yy 200 1 $aUNCTAD$econflict and compromise. The third worlds quest for an equitable world economic order through the United Nations$fby Branislav Gosovic 210 $aLeiden$cA. W. Sijthoff$d1972 215 $aXIV, 349 p.$d24 cm 410 0$12001 454 1$12001 461 1$1001-------$12001 700 1$aGOSOVIC,$bBranislav$0258905 801 0$aIT$bsalbc$gISBD 912 $a990002198120203316 951 $aXXIII.2.B. 32 (IG VIII 8 516)$b5176 G.$cXXIII.2.B. 32 (IG VIII 8)$d00173126 951 $aXXIII.2.B. 32 a (IG VIII 10 521)$b36979 G.$cXXIII.2.B. 32 a (IG VIII 10)$d00250936 959 $aBK 969 $aGIU 979 $aSIAV4$b10$c20041122$lUSA01$h1238 979 $aRSIAV5$b90$c20091013$lUSA01$h0912 979 $aRSIAV4$b90$c20091020$lUSA01$h1111 996 $aUNCTAD$91032608 997 $aUNISA LEADER 01849nas 2200397 n 450 001 990009028550403321 005 20240229084307.0 011 $a0269-7270 035 $a000902855 035 $aFED01000902855 035 $a(Aleph)000902855FED01 035 $a000902855 091 $2CNR$aP 00023621 100 $a20090724b19781996km-y0itaa50------ba 101 0 $aeng 102 $aGB 110 $aauu-------- 200 1 $aProceedings of the Royal Society of Edinburgh. Section B: Biological sciences 207 1$a1978-1996 210 $aEdinburgh$cRoyal Society of Edinburgh 430 0$1001000902857$12001$aProceedings of the Royal Society of Edinburgh. Section B: Natural environment 530 0 $aProceedings of the Royal Society of Edinburgh. Section B: Biological sciences 675 $a57 676 $a574 676 $a570.5 712 02$aRoyal Society of Edinburgh 801 0$aIT$bACNP$c20090723 859 4 $uhttp://acnp.cib.unibo.it/cgi-ser/start/it/cnr/dc-p1.tcl?catno=14750&person=false&language=ITALIANO&libr=&libr_th=unina1$zBiblioteche che possiedono il periodico 901 $aSE 912 $a990009028550403321 958 $aBiblioteca del Dipartimento di Entomologia e Zoologia Agraria dell'Università degli Studi di Napoli Federico II$b1978-1996.$fDAGEN 959 $aDAGEN 996 $aProceedings of the Royal Society of Edinburgh. Section B: Biological sciences$9790952 997 $aUNINA AP1 8 $6866-01$aNA219 Biblioteca del Dipartimento di Entomologia e Zoologia Agraria dell'Università degli Studi di Napoli Federico II$eVia Università, 100, 80055 Portici (NA)$m0812539188$m0817755145$nit AP2 40$aacnp.cib.unibo.it$nACNP Italian Union Catalogue of Serials$uhttp://acnp.cib.unibo.it/cgi-ser/start/it/cnr/df-p.tcl?catno=14750&language=ITALIANO&libr=&person=&B=1&libr_th=unina&proposto=NO